Vertiginid land snails from Thailand (Gastropoda, Pulmonata, pupilloidea) /

Bibliographic Details
Main Author: Thompson, Fred G. (Fred Gilbert), 1934-
Corporate Author: Florida Museum of Natural History
Other Authors: Upatham, Suchart
Format: Government Document Book
Language:English
Published: Gainesville : University of Florida, 1997.
Series:Bulletin of the Florida Museum of Natural History ; v. 39, no. 7.
Subjects:

MARC

Tag First Indicator Second Indicator Subfields
LEADER 00000cam a2200000 a 4500
001 in00001402941
005 20151020053104.0
008 970925s1997 flua s000 0 eng d
035 |a (OCoLC)37682960 
035 |9 AHM6985AM 
040 |a FBA  |c FBA  |d TXA  |d UtOrBLW 
043 |a a-th--- 
049 |a TXAM 
086 |a UF.R 3:B 8/39/7  |2 fldocs 
090 |a QH1  |b .F6 v.39, no.7 
092 0 |a 594.38  |2 21 
100 1 |a Thompson, Fred G.  |q (Fred Gilbert),  |d 1934- 
245 1 0 |a Vertiginid land snails from Thailand (Gastropoda, Pulmonata, pupilloidea) /  |c Fred G. Thompson and Suchart Upatham. 
264 1 |a Gainesville :  |b University of Florida,  |c 1997. 
300 |a pages 221-245 :  |b illustrations ;  |c 23 cm. 
336 |a text  |b txt  |2 rdacontent 
337 |a unmediated  |b n  |2 rdamedia 
338 |a volume  |b nc  |2 rdacarrier 
490 1 |a Bulletin of the Florida Museum of Natural History ;  |v v. 39, no. 7 
500 |a Cover title. 
500 |a "Publication date: May 23, 1997"--P. [2] of cover. 
504 |a Includes bibliographical references (pages 235-236). 
650 0 |a Snails  |z Thailand  |x Classification. 
700 1 |a Upatham, Suchart. 
710 2 |a Florida Museum of Natural History. 
830 0 |a Bulletin of the Florida Museum of Natural History ;  |v v. 39, no. 7. 
999 |a MARS 
999 f f |s a79c2f1b-2dfd-382a-8766-523656116f2f  |i bc25ba19-968d-39f0-90e3-a79f4dbc8282  |t 0 
952 f f |p ric  |a Texas A&M University  |b Rellis Campus  |c Joint Library Facility  |d Remote Storage  |t 0  |e QH1 .F6 v.39 no.7  |h Library of Congress classification  |i unmediated -- volume  |m A14821548955 
998 f f |a QH1 .F6 v.39 no.7  |t 0  |l Remote Storage